| 000 | 00687nam a2200289Ia 4500 | ||
|---|---|---|---|
| 008 | 170711s9999 xx 000 0 und d | ||
| 020 | _a1573454176 | ||
| 050 | _a976.09 | ||
| 050 | _bB474 1998 | ||
| 100 | _aBenson, Lee | ||
| 245 | 4 | _aThe best of Benson : | |
| 245 | _ba twenty-year anthology of sport writing / | ||
| 245 | _cby Lee Benson. | ||
| 260 | _aUSA : | ||
| 260 | _bShadow Mountain, | ||
| 260 | _c1998 | ||
| 300 | _aix, 308 pages : | ||
| 300 | _billustrations ; | ||
| 300 | _c24cm. | ||
| 500 | _aIncludes index. | ||
| 650 | _aSports -- | ||
| 650 | _aSports -- | ||
| 650 | _aSports. | ||
| 650 | _xUnited States. | ||
| 650 | _xUtah. | ||
| 700 | _aTitle. | ||
| 999 |
_c339723 _d339723 |
||